Cooperativismo: su fracaso en el Tercer Mundo /

Análisis del funcionamiento de las cooperativas rurales. Se parte considerándolas como agentes de cambio y desarrollo en los diferentes contextos de los países del 'Tercer Mundo'. Exponen, de manera evaluativa, las posibilidades de desarrollo económico y social que han proporcionado alguno...

Celý popis

Uloženo v:
Podrobná bibliografie
Hlavní autor: Apthorpe, R.
Další autoři: Fals Borda, Orlando, Imayatulla, H.
Médium: Text
Vydáno: Bogotá: Punta de Lanza
Témata:
Tagy: Přidat tag
Žádné tagy, Buďte první, kdo vytvoří štítek k tomuto záznamu!

MARC

LEADER 00000 a a2200000 04500
001 13374
003
040
090 |a 018600  
100 |a Apthorpe, R.  
245 |a Cooperativismo: su fracaso en el Tercer Mundo /  |c R. Apthorpe 
260 |a Bogotá:   |b Punta de Lanza  
300 |a 198 p  
520 |a Análisis del funcionamiento de las cooperativas rurales. Se parte considerándolas como agentes de cambio y desarrollo en los diferentes contextos de los países del 'Tercer Mundo'. Exponen, de manera evaluativa, las posibilidades de desarrollo económico y social que han proporcionado algunos proyectos de financiamiento externo vinculados con políticas estatales en el Tercer Mundo. El análisis enfatiza en la importancia del reclutamiento de los miembros de la cooperativa. CEM/mb  
650 |a COOPERATIVAS  
650 |a COOPERATIVAS RURALES  
650 |a DESARROLLO ECONOMICO Y SOCIAL  
650 |a DESARROLLO AGROPECUARIO  
650 |a DESARROLLO RURAL  
650 |a PRODUCTIVIDAD AGRICOLA  
650 |a INNOVACIONES AGRICOLAS  
650 |a FINANCIAMIENTO  
650 |a DEPENDENCIA ECONOMICA  
650 |a ESTADO  
700 |a Fals Borda, Orlando  
700 |a Imayatulla, H.  
999 |c 4447  |d 4447